Loading...
Nonintervention and international order
| Hovedforfatter: | |
|---|---|
| Format: | Printed Book |
| Udgivet: |
New Jersey, Princeton University
1974
|
| Fag: |
| LEADER | 004850000a22001570004500 | ||
|---|---|---|---|
| 020 | |a 0-691-05652-8 | ||
| 082 | |a 327.172 L4 | ||
| 100 | |a Vincent, R J | ||
| 245 | |a Nonintervention and international order | ||
| 260 | |a New Jersey, Princeton University | ||
| 260 | |c 1974 | ||
| 465 | |a $47.50 | ||
| 650 | |a World Politics | ||
| 942 | |c BK | ||
| 999 | |c 11152 |d 11152 | ||
| 952 | |0 0 |1 0 |4 0 |6 327_172000000000000_L4 |7 0 |8 ENG |9 10948 |a MGUL |b MGUL |d 2013-07-16 |e $47.50 |l 0 |o 327.172 L4 |p 08704 |r 2013-07-16 |w 2013-07-16 |y BK | ||